| 000 | 004430000a22001690004500 | ||
|---|---|---|---|
| 003 | MACL | ||
| 005 | 20160108140023.0 | ||
| 008 | 160108b xxu||||| |||| 00| 0 eng d | ||
| 040 |
_aMACL _cMACL |
||
| 041 | _aEnglish | ||
| 082 | _a920/HUX | ||
| 100 |
_aHuxley, Aldous _929750 |
||
| 245 |
_aGrey Eminence _bA study in Religion and Politics |
||
| 260 |
_bChatto & Windus _c1956 _aLondon |
||
| 650 |
_aBiography _929751 |
||
| 942 |
_cBK _k920/HUX _2ddc |
||
| 999 |
_c34697 _d34697 |
||